000 00487nam a2200169Ia 4500
999 _c40371
_d40371
003 GCL
005 20240530103530.0
008 140319s9999 xx 000 0 ara d
040 _aGCL /
_cGCL
082 0 4 _a276.2
_bا ت
100 1 _aابى العزائم
245 1 0 _aالتائبون :
_bان الله يحب التوابين و يحب المتطهرين /
_cابى العزائم
300 _a61 ص
650 0 4 _aالاسلام
650 0 4 _aالديانات
942 _2ddc
_cBK